Laser Initiated Polymerization of Water Soluble Monomers

Uložené v:
Podrobná bibliografia
Hlavný autor: Kukučková, Silvia
Médium: Kniha
Jazyk:English
Vydavateľské údaje: Bratislava STU FCHPT v Bratislave 2006
Predmet:
On-line prístup:View in OPAC
Tagy: Pridať tag
Žiadne tagy, Buďte prvý, kto otaguje tento záznam!

MARC

LEADER 00000nam a2200000 a 4500
005 20260127134139.0
008 070227 2006 xo 000 0 eng d
035 |a vtls008949727 
039 9 |a 200702271409  |b mschk03  |y 200702271149  |z mschk03 
040 |a STUSCHK1  |b slo  |c STUSCHK1  |e AACR2 
100 1 |a Kukučková, Silvia 
245 1 |a Laser Initiated Polymerization of Water Soluble Monomers  |c Silvia Kukučková 
260 |a Bratislava  |b STU FCHPT v Bratislave  |c 2006 
300 |a 194 s. : il. 
500 |a Slovenská akadémia vied, Ústav polymérov 
500 |a Obháj.: 13.10. 2006 
650 0 |a Polymerization 
910 |a SCHK95 
999 |c 5153  |d 5153